Catálogo público

Material de trabajo / (Record no. 164713)

MARC details
000 -CABECERA
campo de control de longitud fija 01018nam a2200325Ia 4500
001 - NÚMERO DE CONTROL
campo de control Z_1626
003 - IDENTIFICADOR DEL NÚMERO DE CONTROL
campo de control CHAP
008 - DATOS DE LONGITUD FIJA--INFORMACIÓN GENERAL
campo de control de longitud fija 220113s1989 xx 000 0 und d
010 ## - NÚMERO DE CONTROL DE LA BIBLIOTECA DEL CONGRESO
Número de control de LC 164713
040 ## - FUENTE DE LA CATALOGACIÓN
Centro/agencia transcriptor CHAP
082 ## - NÚMERO DE LA CLASIFICACIÓN DECIMAL DEWEY
Número de clasificación 636.082 C8
100 ## - ENTRADA PRINCIPAL--NOMBRE DE PERSONA
Nombre de persona Curso de Actualización sobre Aspectos Reproductivos en el Bovino de Leche y Carne (1989: México, D.F.)
9 (RLIN) 138788
245 ## - MENCIÓN DE TÍTULO
Título Material de trabajo /
Mención de responsabilidad, etc. por UNAM. Facultad de Medicina Veterinaria y Zootecnia
260 ## - PUBLICACIÓN, DISTRIBUCIÓN, ETC.
Lugar de publicación, distribución, etc. México, D.F :
Nombre del editor, distribuidor, etc. UNAM,
Fecha de publicación, distribución, etc. 1989
300 ## - DESCRIPCIÓN FÍSICA
Extensión 129 h
440 ## - MENCIÓN DE SERIE/PUNTO DE ACCESO ADICIONAL--TÍTULO
Título
500 ## - NOTA GENERAL
Nota general
503 ## - NOTA DE HISTORIA BIBLIOGRÁFICA (BK CF MU) [OBSOLETO]
Nota de historia bibliográfica
650 ## - PUNTO DE ACCESO ADICIONAL DE MATERIA--TÉRMINO DE MATERIA
Término de materia o nombre geográfico como elemento de entrada Ganado de carne
Subdivisión general congresos I. UNAM. Facultad de Medicina Veterinaria y Zootecnia. II. t.
9 (RLIN) 138789
650 ## - PUNTO DE ACCESO ADICIONAL DE MATERIA--TÉRMINO DE MATERIA
Término de materia o nombre geográfico como elemento de entrada Ganado de carne
Subdivisión general Reproducción
9 (RLIN) 45108
650 ## - PUNTO DE ACCESO ADICIONAL DE MATERIA--TÉRMINO DE MATERIA
Término de materia o nombre geográfico como elemento de entrada Ganado lechero
Subdivisión general Congresos
9 (RLIN) 45248
650 ## - PUNTO DE ACCESO ADICIONAL DE MATERIA--TÉRMINO DE MATERIA
Término de materia o nombre geográfico como elemento de entrada Ganado lechero
Subdivisión general Reproducción
9 (RLIN) 45294
650 ## - PUNTO DE ACCESO ADICIONAL DE MATERIA--TÉRMINO DE MATERIA
Término de materia o nombre geográfico como elemento de entrada Reproducción animal
Subdivisión general Estudio y enseñanza
9 (RLIN) 96030
901 ## - ELEMENTOS DE DATOS A LOCAL LDA (RLIN)
a 636.082 C8
902 ## - ELEMENTOS DE DATOS B LOCAL, LDB (RLIN)
a A
910 ## - DATOS DE OPCIÓN DEL USUARIO (OCLC)
Datos de opción del usuario 1989
942 ## - ELEMENTOS DE PUNTO DE ACCESO ADICIONAL (KOHA)
Tipo de ítem Koha Libro_
942 ## - ELEMENTOS DE PUNTO DE ACCESO ADICIONAL (KOHA)
Tipo de ítem Koha
Holdings
Estado de retiro Estado de pérdida Fuente del sistema de clasificación o colocación Estado dañado No para préstamo Código de colección Localización permanente Ubicación/localización actual Ubicación en estantería Fecha de adquisición Código de barras Fecha visto por última vez Número de copia Precio válido a partir de Tipo de ítem Koha
    Dewey Decimal Classification     General Zootecnia Zootecnia   09/11/2005 z_1523 18/01/2022 1 18/01/2022 Libro